Chanteurs et musiciens en C (par images). - Statistiques

Statistiques générales
  • Ce quiz a été pris 687 fois
    253 depuis la dernière actualisation
  • Le résultat moyen est 10 sur 20
Statistiques - réponses
Par images Réponse % Correct
Mariah Carey
84%
Coldplay
79%
Miley Cyrus
78%
Calogero
77%
Francis Cabrel
74%
Julien Clerc
73%
Cœur de Pirate
69%
Ray Charles
69%
Claudio Capéo
68%
Kurt Cobain
66%
Cardi B
63%
Carlos
53%
Central Cee
38%
Maria Callas
27%
Eric Clapton
25%
Coolio
24%
Johnny Cash
14%
Joe Cocker
12%
Johnny Clegg
12%
Patsy Cline
1%
Aucun quiz correspondant
Distribution des résultats
% des personnes avec chaque résultat
Percentile par nombre de réponses
Votre historique - résultats
Vous n’avez pas pris ce quiz depuis la dernière actualisation